Statistics for Footloose The Musical Quiz #1: Characters

Click here to take the quiz!

General Stats

  • This quiz has been taken 11 times
  • The average score is 10 of 15

Answer Stats

HintAnswer% Correct
The new kid from Chicago who can't stand stillRen McCormack
89%
Her best friendRusty
89%
The preacher's sassy, headstrong daughterAriel Moore
78%
Her horrible boyfriend who always has to have the last wordChuck Cranston
78%
Ren's new best friend from Bomont who listens very carefully to what his mama saysWillard Hewitt
78%
His mom who is so slayEthel McCormack
67%
The preacher who bans dancing in the town limits of BomontReverend Shaw Moore
67%
Her friendUrleen
67%
Her other friendWendy Jo
67%
His wifeEleanor Dunbar
56%
His wifeLulu
56%
His wife who is also so slayVi Moore
56%
The new kid's uncleWes
56%
The coachCoach Dunbar
33%
The principal of Bomont High SchoolPrincipal Clark
22%

Score Distribution

Percentile by Number Answered

Percent of People with Each Score

Your Score History

You have not taken this quiz